عرض عادي
عرض مارك
- Csete, Marie.
مدخل إسم شخص
001 - رقم الضبط
- حقل الضبط: 4718
003 - معرف رقم الضبط
- حقل الضبط: OSt
005 - تاريخ ووقت أخر عملية
- حقل الضبط: 20110921000127.0
008 - عناصر بيانات ثابتة الطول
- حقل تحكم ثابت الطول: 110921|||a|||||| | ||| d
040 ## - مصدر الفهرسة
- هيئة الفهرسة الأصلية: OSt
- وكالة الكتابة: OSt
100 ## - مدخل -- أسم شخص
- إسم شخص: Csete, Marie.
670 ## - بيانات المصدر موجوده
- الاستشهاد بالمصدر: Work cat.: (OSt)0: Manual of intensive care medicine :, c1983.
